Endeudamiento externo y dependencia: el caso de América Latina /
Analiza la situación del endeudamiento externo de los países latinoamericanos, la dependencia económica y la desigualdad en las relaciones de intercambio de América Latina con respecto a los países industrializados. Se refiere al consumo en bienes suntuarios que importan los países latinoamericanos...
محفوظ في:
| المؤلف الرئيسي: | |
|---|---|
| مؤلف مشترك: | |
| التنسيق: | وقائع المؤتمر كتاب |
| اللغة: | Spanish |
| الموضوعات: | |
| الوسوم: |
إضافة وسم
لا توجد وسوم, كن أول من يضع وسما على هذه التسجيلة!
|
MARC
| LEADER | 00000nam a22000007a 4500 | ||
|---|---|---|---|
| 003 | cru CIDCACS/IIS | ||
| 005 | 20200925161216.0 | ||
| 007 | ta | ||
| 008 | 170214m19871988ho ||||| |||| 00| 0 spa d | ||
| 040 | |c CRAI/IIS |a CRAI/IIS | ||
| 100 | 1 | |9 2650 |a Schatan Weitzman, Jacobo | |
| 245 | |a Endeudamiento externo y dependencia: el caso de América Latina / |c Jacobo Schatan Weitzman | ||
| 300 | |a páginas 149-162 | ||
| 520 | |a Analiza la situación del endeudamiento externo de los países latinoamericanos, la dependencia económica y la desigualdad en las relaciones de intercambio de América Latina con respecto a los países industrializados. Se refiere al consumo en bienes suntuarios que importan los países latinoamericanos lo que trae como consecuencia el endeudamiento y la dependencia económica. Para el autor existe otra dependencia, la cultural, que consiste en copiar los modelos económicos del centro y aplicarlos a la periferia. AR/JM | ||
| 650 | 4 | |9 1839 |a DEUDA EXTERNA | |
| 650 | 4 | |9 1838 |a DEPENDENCIA ECONOMICA | |
| 650 | 1 | 0 | |9 1816 |a RELACIONES NORTE SUR |
| 650 | 1 | 0 | |a RELACION DE INTERCAMBIO |9 1630 |
| 650 | 1 | 0 | |9 304 |a COMERCIO EXTERIOR |
| 650 | 4 | |9 2651 |a BIENES DE CONSUMO | |
| 650 | 1 | 0 | |9 1771 |a TASA DE INTERES |
| 651 | 4 | |9 2652 |a HONDURAS | |
| 711 | |9 2653 |a Seminario "Deuda Externa y Programas de Ajuste" |c San José, Costa Rica |d agosto 1987 | ||
| 773 | 0 | |0 18884 |9 272 |a Universidad Nacional Autónoma de Honduras. |d Tegucigalpa: UNAH. Postgrado Centroamericano en Economía y Planificación del Desarrollo |o MFN0026 |t Revista Centroamericana de Economía / | |
| 942 | |2 ddc |c PP | ||
| 999 | |c 18888 |d 18888 | ||
